000 00364pab a2200145 454500
008 180718b1998 xxu||||| |||| 00| 0 eng d
100 _aPassi, B.K.
245 _aIntegrating learning resources: from mother to virtual institution
260 _c1998
300 _ap.4-9
362 _a30 Mar
650 _aEducation
773 _aUniversity News
909 _a37071
999 _c37071
_d37071